000 01305na a2200385 4500
001 17783
003 MIRAKIL
005 20181213155243.0
008 161104b tu 000 0
035 _a17783
040 _aMilas
_btur
_cTR-AnCHP
041 _atur
082 _aCHP 324.2372
_bC36o 1968
090 _aCHP 324.2372 C36o 1968
111 _aCHP Olağan Kurultay
_cAnkara
_d18 Ekim 1968
_n19.
222 _a19. Kurultay Parti Meclisi raporu
245 _aCumhuriyet Halk Partisi XIX. Kurultayı
_bParti Meclisi raporu
_b18 Ekim 1968, Ankara
_cCumhuriyet Halk Partisi
246 _a19. Olağan Kurultay Parti Meclisi çalışma raporu
246 _a19. Kurultay
246 _a19. Olağan Kurultay
260 _aAnkara
_bCHP
_c1968
300 _a139 s.
_c24 sm.
490 _aCumhuriyet Halk Partisi yayınları
610 _aCumhuriyet Halk Partisi
610 _aCumhuriyet Halk Partisi
_xÇalışma raporları
610 _aCumhuriyet Halk Partisi
_xKurultaylar
_y1968
651 _aTürkiye
_xSiyaset ve yönetim
_y1960-1970
657 _aCHP kurultayları
657 _aCHP Olağan Kurultayları
740 _a19. Olağan Kurultay Parti Meclisi raporu
740 _aCHP 19. Olağan Kurultayı
740 _a19. Kurultay
830 _aCHP yayınları
942 _2ddc
_cBKS
999 _c9342
_d9342